00457nam a2200169Ia 4500001000900000003000500009005001700014008004100031010001100072040000900083082001500092100002500107245008000132260003500212300001000247650003000257dia_2722CHAP20221208134856.0220117s1977 xx 000 0 und d a170698 cCHAP a664.028 D4 aDesrosier, Norman W. aThe Technology of Food Preservation /c by N. W. D. and James N. Desrosier aWestpor Connecticut, Avic1977 a558P. aAlimentosxpreservación